000 00357nam a2200145Ia 4500
008 210719s1928 xx 000 0 und d
041 _aeng
082 _a820.22 TAGC
100 _aTAGORE (Rabindranath)
245 _aCycle of spring.
260 _aLondon
_bMacmillan & Co. Ltd.
_c1928
300 _avii,134
_bHB
365 _cRs
650 _aEnglish Drama
999 _c214073
_d214073